<?xml version="1.0" encoding="UTF-8"?><?xml-stylesheet type="text/xsl" href="static/style.xsl"?><OAI-PMH xmlns="http://www.openarchives.org/OAI/2.0/" xmlns:xsi="http://www.w3.org/2001/XMLSchema-instance" xsi:schemaLocation="http://www.openarchives.org/OAI/2.0/ http://www.openarchives.org/OAI/2.0/OAI-PMH.xsd"><responseDate>2026-06-07T05:20:45Z</responseDate><request verb="GetRecord" identifier="oai:riuma.uma.es:10630/36492" metadataPrefix="marc">https://riuma.uma.es/rest/oai/request</request><GetRecord><record><header><identifier>oai:riuma.uma.es:10630/36492</identifier><datestamp>2026-02-03T11:17:00Z</datestamp><setSpec>com_10630_2254</setSpec><setSpec>col_10630_37953</setSpec></header><metadata><record xmlns="http://www.loc.gov/MARC21/slim" xmlns:dcterms="http://purl.org/dc/terms/" xmlns:doc="http://www.lyncode.com/xoai" xmlns:xsi="http://www.w3.org/2001/XMLSchema-instance" xsi:schemaLocation="http://www.loc.gov/MARC21/slim http://www.loc.gov/standards/marcxml/schema/MARC21slim.xsd">
   <leader>00925njm 22002777a 4500</leader>
   <datafield ind2=" " ind1=" " tag="042">
      <subfield code="a">dc</subfield>
   </datafield>
   <datafield ind2=" " ind1=" " tag="720">
      <subfield code="a">Durán-Boyero, Ana Carmen</subfield>
      <subfield code="e">author</subfield>
   </datafield>
   <datafield ind2=" " ind1=" " tag="720">
      <subfield code="a">Arqué Guibernau, Josep María</subfield>
      <subfield code="e">author</subfield>
   </datafield>
   <datafield ind2=" " ind1=" " tag="720">
      <subfield code="a">Fernández-Corujo, Borja</subfield>
      <subfield code="e">author</subfield>
   </datafield>
   <datafield ind2=" " ind1=" " tag="720">
      <subfield code="a">Fernández-Domínguez, María Carmen</subfield>
      <subfield code="e">author</subfield>
   </datafield>
   <datafield ind2=" " ind1=" " tag="720">
      <subfield code="a">Fernández Gallego, Teresa</subfield>
      <subfield code="e">author</subfield>
   </datafield>
   <datafield ind2=" " ind1=" " tag="720">
      <subfield code="a">Sans-Coma, Valentín</subfield>
      <subfield code="e">author</subfield>
   </datafield>
   <datafield ind2=" " ind1=" " tag="260">
      <subfield code="c">2007</subfield>
   </datafield>
   <datafield ind2=" " ind1=" " tag="520">
      <subfield code="a">Este estudio describe una anomalía congénita rara de la arteria coronaria en el hámster sirio, el origen separado de los componentes principales de la arteria coronaria izquierda, es decir, de las arterias marginal obtusa y circunfleja izquierda. Se examinaron los corazones de nueve animales afectados mediante una técnica de inyección-corrosión e histología. Los hámsteres pertenecían a una familia endogámica con una alta incidencia de anomalías de la arteria coronaria y válvula aórtica bicúspide. La válvula aórtica era tricúspide en tres hámsteres y bicúspide en los otros seis. En todos los casos, la arteria coronaria derecha era normal, mientras que el tronco principal de la arteria coronaria izquierda estaba ausente. Los patrones actuales de arteria coronaria anómala podrían clasificarse en dos entidades principales: (i) origen ectópico de la arteria marginal obtusa desde el seno aórtico derecho o desde la arteria coronaria derecha, con la arteria circunfleja izquierda surgiendo del lado izquierdo de la válvula aórtica; y (ii) origen ectópico tanto de la arteria marginal obtusa del seno aórtico derecho como de la arteria coronaria derecha y la arteria circunfleja izquierda del seno aórtico dorsal. En todos los casos, la arteria marginal obtusa discurría hacia el lado derecho del corazón a través de la pared ventral del tracto de salida del ventrículo derecho. Cuando la arteria circunfleja izquierda surgía del seno aórtico dorsal, formaba un ángulo agudo con la pared aórtica. Este resultado parece ser el primero en describir el origen separado de los componentes principales de la arteria coronaria izquierda en una especie de mamífero no humano. En el hombre, los defectos congénitos de la arteria coronaria y de la válvula aórtica descritos en este artículo pueden conllevar el riesgo de complicaciones clínicas. Sin embargo, ninguno de los hámsteres afectados mostró signos de enfermedad.</subfield>
   </datafield>
   <datafield ind1="8" ind2=" " tag="024">
      <subfield code="a">Durán, A.C., Arqué, J.M., Fernández, B., Fernández, M.C., Fernández-Gallego, T. and Sans-Coma, V. (2007), Separate Origin of the Main Components of the Left Coronary Artery in Syrian Hamsters (Mesocricetus auratus). Journal of Veterinary Medicine Series A, 54: 297-301. https://doi.org/10.1111/j.1439-0442.2007.00928.x</subfield>
   </datafield>
   <datafield ind1="8" ind2=" " tag="024">
      <subfield code="a">https://hdl.handle.net/10630/36492</subfield>
   </datafield>
   <datafield ind1="8" ind2=" " tag="024">
      <subfield code="a">10.1111/j.1439-0442.2007.00928.x</subfield>
   </datafield>
   <datafield tag="653" ind2=" " ind1=" ">
      <subfield code="a">Arterias coronarias - Modelos animales</subfield>
   </datafield>
   <datafield ind2="0" ind1="0" tag="245">
      <subfield code="a">Separate Origin of the Main Components of the Left Coronary Artery in Syrian Hamsters (Mesocricetus auratus)</subfield>
   </datafield>
</record>
</metadata></record></GetRecord></OAI-PMH>